[Event "NCL978b Guildford2-Simpsons"]
[Site "Rd3"]
[Date "1997.11.22"]
[Round "3.7"]
[White "Stimpson, Phil"]
[Black "Martin, Barry"]
[Result "1-0"]
[WhiteElo "1960"]
[BlackElo "2010"]
[PlyCount "80"]
[EventDate "1997.10.22"]
[Source "4NCL"]
[SourceDate "1998.01.01"]

1. e4 c5 2. Nc3 e6 3. Nf3 Nc6 4. Bb5 Nge7 5. d4 a6 6. Bxc6 bxc6 7. dxc5 Ng6 8.
Be3 Be7 9. O-O O-O 10. e5 f5 11. exf6 Bxf6 12. Ne4 Rb8 13. Nfg5 h6 14. Qh5 Nh8
15. f4 Rxb2 16. Rad1 Be7 17. Nxe6 Qe8 18. Qe5 dxe6 19. Qxb2 Qg6 20. Nd6 Nf7 21.
Nxc8 Rxc8 22. Qb7 Re8 23. f5 exf5 24. Qd7 Ne5 25. Qxf5 Qxf5 26. Rxf5 Bf6 27.
Bxh6 Ng4 28. Bg5 Bxg5 29. Rxg5 Nf6 30. Rf5 Rf8 31. Rb1 Ne4 32. Rxf8+ Kxf8 33.
Rb6 Nxc5 34. Rxc6 Ne4 35. Rxa6 Nf6 36. Ra7 Kg8 37. a4 Kh7 38. a5 Nd5 39. a6 Nb6
40. Rb7 Nc8 1-0

[Event "NCL978b Nidum Kts-Coulsdon"]
[Site "Rd3"]
[Date "1997.11.22"]
[Round "3.1"]
[White "Williams, Leighton"]
[Black "Wilson, Jon"]
[Result "1-0"]
[WhiteElo "2265"]
[BlackElo "2315"]
[PlyCount "97"]
[EventDate "1997.10.22"]
[Source "4NCL"]
[SourceDate "1998.01.01"]

1. d4 c5 2. d5 f5 3. Nc3 Nf6 4. Bg5 Qb6 5. Rb1 h6 6. Be3 Ng4 7. Bd2 g6 8. e4 d6
9. h3 Nf6 10. Bd3 fxe4 11. Nxe4 Nxd5 12. Nc3 Nf6 13. Bxg6+ Kd8 14. Nge2 Qc6 15.
f3 Rg8 16. Bf7 Rxg2 17. Nf4 Rg7 18. Bc4 e5 19. Nfd5 Nxd5 20. Bxd5 Qe8 21. Bxh6
Rg2 22. Be3 Qg6 23. Ne4 Bh6 24. Bf2 Nd7 25. Bc4 Kc7 26. Bf1 Rxf2 27. Kxf2 Nb6
28. c4 Bf5 29. Bd3 Bxe4 30. Bxe4 Qg5 31. Qd3 Rg8 32. Rbg1 Qh4+ 33. Ke2 Rxg1 34.
Rxg1 Qxh3 35. Rf1 Qg2+ 36. Rf2 Qg1 37. Rf1 Qg2+ 38. Rf2 Qg1 39. Qd1 Qg5 40. b3
Qe3+ 41. Kf1 Bg5 42. Rh2 Bh6 43. Rh5 d5 44. cxd5 Kd6 45. Rf5 Nd7 46. Qe1 Qd4
47. Rf7 Bd2 48. Qh4 Qa1+ 49. Kg2 1-0

[Event "NCL978b Nidum Kts-Coulsdon"]
[Site "Rd3"]
[Date "1997.11.22"]
[Round "3.2"]
[White "Harley, Andrew"]
[Black "Walsh, Chris"]
[Result "1-0"]
[WhiteElo "2305"]
[BlackElo "2205"]
[PlyCount "79"]
[EventDate "1997.10.22"]
[Source "4NCL"]
[SourceDate "1998.01.01"]

1. e4 e6 2. d4 d5 3. Nc3 Bb4 4. e5 c5 5. a3 Bxc3+ 6. bxc3 Ne7 7. Qg4 Qc7 8.
Qxg7 Rg8 9. Qxh7 Nbc6 10. f4 cxd4 11. Nf3 Bd7 12. Qd3 dxc3 13. Qxc3 Rc8 14. Rb1
Nf5 15. Bd2 d4 16. Qd3 a6 17. Kf2 b5 18. Rg1 Qa7 19. g4 Nfe7 20. Rg3 Nd5 21. h3
Qc5 22. Kg2 Nb6 23. Kh2 Nc4 24. Bb4 Nxb4 25. axb4 Qb6 26. Qxd4 Qb7 27. Bd3 Bc6
28. Ng5 Nd2 29. Rd1 Nf3+ 30. Nxf3 Bxf3 31. Rd2 Bd5 32. Bf1 Ke7 33. f5 Rgd8 34.
f6+ Ke8 35. Qf4 Be4 36. Bg2 Bxg2 37. Rgxg2 Rd5 38. Qg5 Kd7 39. Rxd5+ exd5 40.
Qf5+ 1-0

[Event "NCL978b Nidum Kts-Coulsdon"]
[Site "Rd3"]
[Date "1997.11.22"]
[Round "3.3"]
[White "Long, Matthew"]
[Black "Dunworth, Chris"]
[Result "0-1"]
[WhiteElo "2180"]
[BlackElo "2335"]
[PlyCount "88"]
[EventDate "1997.10.22"]
[Source "4NCL"]
[SourceDate "1998.01.01"]

1. e4 Nf6 2. e5 Nd5 3. d4 d6 4. Nf3 Bg4 5. Be2 e6 6. O-O Be7 7. c4 Nb6 8. Be3
O-O 9. Nc3 a5 10. exd6 cxd6 11. b3 d5 12. Ne5 Bxe2 13. Qxe2 N8d7 14. Nxd7 Qxd7
15. c5 Nc8 16. a3 Bf6 17. f4 Ne7 18. Qd2 h5 19. b4 axb4 20. axb4 Nf5 21. Bf2 b6
22. Rab1 Ra3 23. Rfc1 Rb8 24. g3 Ra7 25. b5 g6 26. c6 Qe7 27. h3 Nd6 28. Qd3
Rba8 29. Re1 Ra3 30. Qc2 Qf8 31. Rb3 R3a5 32. g4 hxg4 33. hxg4 Qg7 34. Qd3 R5a7
35. Rd1 Nc4 36. Re1 Ra1 37. Rbb1 R1a3 38. Red1 Bd8 39. Bg3 Bc7 40. Rb4 Qh6 41.
Qf3 g5 42. fxg5 Qh3 43. Rd3 Rxc3 44. Rxc4 Ra1+ 0-1

[Event "NCL978b Nidum Kts-Coulsdon"]
[Site "Rd3"]
[Date "1997.11.22"]
[Round "3.4"]
[White "Moore, Gerald"]
[Black "Jones, Richard S"]
[Result "1-0"]
[WhiteElo "2215"]
[BlackElo "2075"]
[PlyCount "47"]
[EventDate "1997.10.22"]
[Source "4NCL"]
[SourceDate "1998.01.01"]

1. e4 c5 2. Nc3 Nc6 3. g3 g6 4. Bg2 Bg7 5. d3 e6 6. Be3 Nd4 7. Nce2 d5 8. c3
Nxe2 9. Nxe2 d4 10. cxd4 cxd4 11. Bxd4 e5 12. Bc3 Ne7 13. d4 O-O 14. dxe5 Qc7
15. Qd6 Qxd6 16. exd6 Nc6 17. O-O Rd8 18. Rfd1 Ne5 19. f4 Nc4 20. e5 Ne3 21.
Ba5 Bg4 22. Bxd8 Nxd1 23. Bc7 Bxe2 24. Bxb7 1-0

[Event "NCL978b Nidum Kts-Coulsdon"]
[Site "Rd3"]
[Date "1997.11.22"]
[Round "3.5"]
[White "Musson, Adam"]
[Black "Hammond, Andy"]
[Result "0-1"]
[WhiteElo "2110"]
[BlackElo "2195"]
[PlyCount "82"]
[EventDate "1997.10.22"]
[Source "4NCL"]
[SourceDate "1998.01.01"]

1. d4 f5 2. g3 Nf6 3. Bg2 g6 4. Nf3 Bg7 5. c4 O-O 6. O-O d6 7. d5 Na6 8. Nd4
Qe8 9. Nc3 Bd7 10. e4 Nxe4 11. Nxe4 fxe4 12. Bxe4 c5 13. Ne6 Bxe6 14. dxe6 Rb8
15. Qe2 Nc7 16. f4 b5 17. f5 bxc4 18. fxg6 Rxf1+ 19. Kxf1 d5 20. Qh5 h6 21.
Bxh6 Bxh6 22. Qxh6 Qf8+ 23. Qxf8+ Rxf8+ 24. Ke2 dxe4 25. Rc1 Rb8 26. Rc2 Nxe6
27. Ke3 Kg7 28. Kxe4 Kxg6 29. Kd5 Rb6 30. Kxc4 Rd6 31. Re2 a6 32. b3 Rd4+ 33.
Kc3 Nc7 34. a3 a5 35. Kb2 Nd5 36. Rc2 e5 37. Rxc5 e4 38. Rc2 Kf5 39. h3 e3 40.
Kc1 Ke4 41. Rc8 e2 0-1

[Event "NCL978b Nidum Kts-Coulsdon"]
[Site "Rd3"]
[Date "1997.11.22"]
[Round "3.6"]
[White "Adelaja, Abimbola"]
[Black "Cleveland, Richard"]
[Result "1-0"]
[WhiteElo "2155"]
[BlackElo "2045"]
[PlyCount "73"]
[EventDate "1997.10.22"]
[Source "4NCL"]
[SourceDate "1998.01.01"]

1. e4 Nc6 2. Nf3 d6 3. h3 Nf6 4. Nc3 g6 5. d4 Bg7 6. Bf4 O-O 7. Qd2 a6 8. d5
Nb8 9. Bh6 e5 10. O-O-O Nbd7 11. h4 Nc5 12. Bxg7 Kxg7 13. Qe3 b5 14. Nxe5 Ncxe4
15. Nxe4 dxe5 16. d6 Ng4 17. Qe1 Bf5 18. f3 Nh6 19. Qc3 cxd6 20. Nxd6 Qe7 21.
g4 Rac8 22. Nxf5+ Nxf5 23. Qe1 Qc5 24. Rd2 Nd4 25. Qf2 Qd5 26. b3 Rc3 27. Bd3
Rfc8 28. Kb2 Nxf3 29. Rdd1 Nd4 30. h5 Qf3 31. Qxf3 Nxf3 32. Rdf1 Ng5 33. hxg6
hxg6 34. Re1 e4 35. Bxe4 Nxe4 36. Rxe4 Rxc2+ 37. Ka3 {time} 1-0

[Event "NCL978b Nidum Kts-Coulsdon"]
[Site "Rd3"]
[Date "1997.11.22"]
[Round "3.7"]
[White "Fish, Andrew"]
[Black "Rosen, Daniel"]
[Result "0-1"]
[WhiteElo "2115"]
[BlackElo "2225"]
[PlyCount "90"]
[EventDate "1997.10.22"]
[Source "4NCL"]
[SourceDate "1998.01.01"]

1. e4 d6 2. d4 g6 3. Nf3 Bg7 4. Nc3 Nf6 5. Bg5 h6 6. Bf4 Bg4 7. h3 Bxf3 8. Qxf3
Nc6 9. Bb5 Nd7 10. Bxc6 bxc6 11. Rd1 c5 12. dxc5 Nxc5 13. e5 O-O 14. Qe3 Kh7
15. O-O Rb8 16. b3 f5 17. Bg3 Qe8 18. f4 Qc6 19. Rd4 a5 20. Rc4 Rb4 21. Qd4
Rxc4 22. Qxc4 Rb8 23. a3 Qd7 24. Rd1 Ne6 25. Rd5 c5 26. Na4 Nc7 27. Rd1 Qc6 28.
Nc3 dxe5 29. fxe5 Ne6 30. Ne2 g5 31. Rd5 Rd8 32. Rxd8 Nxd8 33. Qd3 Qc8 34. Nc3
e6 35. Nb5 c4 36. Qc3 Nf7 37. Qxa5 cxb3 38. cxb3 Nxe5 39. Nd6 Qc1+ 40. Kh2 f4
41. Be1 f3 42. Qb4 fxg2 43. Kxg2 Ng6 44. Bd2 Qd1 45. Ne4 Nh4+ 0-1

[Event "NCL978b Barbican2-Gwent Dragon"]
[Site "Rd3"]
[Date "1997.11.22"]
[Round "3.1"]
[White "Lewis, Andrew"]
[Black "Varley, Peter"]
[Result "0-1"]
[WhiteElo "2320"]
[BlackElo "2220"]
[PlyCount "50"]
[EventDate "1997.10.22"]
[Source "4NCL"]
[SourceDate "1998.01.01"]

1. c4 Nf6 2. Nc3 d5 3. cxd5 Nxd5 4. Nf3 Nxc3 5. bxc3 g6 6. d4 Bg7 7. e3 c5 8.
Bb5+ Bd7 9. Bd3 cxd4 10. cxd4 Nc6 11. Rb1 Rb8 12. O-O O-O 13. h3 a6 14. a4 Re8
15. Nd2 Na7 16. Ba3 Bc6 {#} 17. Bc5 b6 18. Ba3 e5 19. Bxa6 exd4 20. e4 Qd7 21.
Bd3 Bxa4 22. Qg4 Qxg4 23. hxg4 b5 24. f4 Rbc8 25. e5 Rc3 0-1

[Event "NCL978b Barbican2-Gwent Dragon"]
[Site "Rd3"]
[Date "1997.11.22"]
[Round "3.2"]
[White "Saunders, Nigel"]
[Black "Twyble, Michael"]
[Result "0-1"]
[WhiteElo "2140"]
[BlackElo "2205"]
[PlyCount "78"]
[EventDate "1997.10.22"]
[Source "4NCL"]
[SourceDate "1998.01.01"]

1. Nf3 Nf6 2. c4 g6 3. Nc3 Bg7 4. e4 d6 5. Be2 O-O 6. d3 e5 7. O-O c6 8. Bd2
Nbd7 9. b4 h6 10. Qc1 Kh7 11. Ne1 d5 12. cxd5 cxd5 13. Bf3 Nb6 14. Nb5 Bd7 15.
Na3 Rc8 16. Nec2 Be6 17. b5 Qd7 18. Bb4 Rfd8 19. Rd1 h5 20. Qe3 d4 21. Qe2 Na4
22. h3 Nc3 23. Bxc3 Rxc3 24. Nb1 Rc7 25. a4 Bb3 26. Nba3 Rdc8 27. Nc4 Bxc4 28.
dxc4 Rxc4 29. Ne3 Rc3 30. g4 hxg4 31. hxg4 Qe7 32. Nf1 Kg8 33. Kg2 Nh7 34. Qd2
Ng5 35. Nh2 Qf6 36. Qe2 Qf4 37. Rd3 Rxd3 38. Qxd3 Rc3 39. Qe2 Nxf3 0-1

[Event "NCL978b Barbican2-Gwent Dragon"]
[Site "Rd3"]
[Date "1997.11.22"]
[Round "3.4"]
[White "Gilbert, Jonathan"]
[Black "Kenworthy, Gary"]
[Result "1/2-1/2"]
[WhiteElo "2110"]
[BlackElo "2265"]
[PlyCount "81"]
[EventDate "1997.10.22"]
[Source "4NCL"]
[SourceDate "1998.01.01"]

1. d4 g6 2. c4 Bg7 3. Nc3 d6 4. e4 Nc6 5. d5 Nd4 6. Be3 c5 7. Qd2 e5 8. dxe6
fxe6 9. Nge2 e5 10. O-O-O Nf6 11. f3 O-O 12. Kb1 a6 13. Bg5 Be6 14. Nxd4 exd4
15. Nd5 Rb8 16. h4 Bxd5 17. cxd5 Qe8 18. g4 Nd7 19. Be2 c4 20. Bxc4 Rxf3 21. h5
Nc5 22. Rde1 d3 23. e5 Bxe5 24. hxg6 Qxg6 25. Rxe5 dxe5 26. d6+ Kh8 27. Be7 Qe4
28. b3 b5 29. Re1 bxc4 30. Rxe4 Nxe4 31. Qa5 Rf1+ 32. Kb2 c3+ 33. Ka3 Rb5 34.
Qd8+ Kg7 35. Qc7 Rc5 36. Bf8+ Kxf8 37. Qe7+ Kg8 38. d7 Rf8 39. Qxf8+ Kxf8 40.
d8=Q+ Kf7 41. Qd7+ 1/2-1/2

[Event "NCL978b Barbican2-Gwent Dragon"]
[Site "Rd3"]
[Date "1997.11.22"]
[Round "3.5"]
[White "Reuben, Stewart"]
[Black "Adams, Mark"]
[Result "1/2-1/2"]
[WhiteElo "2230"]
[BlackElo "2100"]
[PlyCount "140"]
[EventDate "1997.10.22"]
[Source "4NCL"]
[SourceDate "1998.01.01"]

1. c4 c6 2. b3 Nf6 3. Bb2 e6 4. d3 d5 5. Nd2 Nbd7 6. e4 dxe4 7. dxe4 Bb4 8. e5
Ne4 9. Ngf3 Qa5 10. Qc2 Nxd2 11. Nxd2 Bxd2+ 12. Qxd2 Qxd2+ 13. Kxd2 b6 14. g3
Bb7 15. Bg2 O-O-O 16. Ke2 Nb8 {(Draw offer)} 17. Rhd1 Rxd1 18. Rxd1 Rd8 19.
Rxd8+ Kxd8 20. Be4 Nd7 21. Ke3 h6 22. h4 Kc7 23. g4 c5 24. Bxb7 Kxb7 25. h5 Kc6
26. f4 Nf8 27. g5 hxg5 28. fxg5 Nh7 29. Kf4 g6 30. h6 Nf8 31. Bc1 Nh7 32. Bd2
Nf8 33. b4 Nh7 34. a3 a6 35. Ke4 b5 36. cxb5+ axb5 37. bxc5 Kxc5 38. Bb4+ Kc6
39. Be7 Kd7 40. Bf6 Kc6 41. Kd4 Nf8 42. Kc3 Kc7 43. Kb4 Kc6 44. Ka5 Nh7 45. Ka6
Nf8 46. Ka7 Kc7 47. Be7 Nh7 48. Ka6 Kc6 49. Ka5 Kd7 50. Bf6 Kc6 51. Kb4 Nf8 52.
Kc3 Kd7 53. Kd4 Kc6 54. Bd8 Nh7 55. Ke4 Kd7 56. Bf6 Kc6 57. Kd4 Nf8 58. Kc3 Kd7
59. Kb3 Kc7 60. a4 bxa4+ 61. Kxa4 Kd7 62. Kb5 Nh7 63. Kb6 Nf8 64. Kc5 Nh7 65.
Kd4 Nf8 66. Ke4 Nh7 67. Kf4 Ke8 68. Bg7 Kd7 69. Bh8 Ke8 70. Bf6 Kd7 1/2-1/2

[Event "NCL978b Barbican2-Gwent Dragon"]
[Site "Rd3"]
[Date "1997.11.22"]
[Round "3.6"]
[White "Fletcher, John"]
[Black "Williamson, Paul"]
[Result "1/2-1/2"]
[WhiteElo "2095"]
[BlackElo "2170"]
[PlyCount "37"]
[EventDate "1997.10.22"]
[Source "4NCL"]
[SourceDate "1998.01.01"]

1. d4 Nf6 2. Nc3 d5 3. e4 dxe4 4. f3 exf3 5. Nxf3 Bg4 6. h3 Bh5 7. g4 Bg6 8.
Ne5 e6 9. Qf3 Nd5 10. Bd3 Qh4+ 11. Kd1 Qf6 12. Qg2 Bxd3 13. cxd3 Qd8 14. Nxf7
Kxf7 15. Rf1+ Kg8 16. Nxd5 exd5 17. Qf3 h6 18. g5 hxg5 19. Qf7+ 1/2-1/2

[Event "NCL978b Barbican2-Gwent Dragon"]
[Site "Rd3"]
[Date "1997.11.22"]
[Round "3.7"]
[White "Bautista, Marc"]
[Black "Brown, Fred"]
[Result "1/2-1/2"]
[WhiteElo "2115"]
[BlackElo "2090"]
[PlyCount "42"]
[EventDate "1997.10.22"]
[Source "4NCL"]
[SourceDate "1998.01.01"]

1. e4 c6 2. d4 d5 3. Nc3 dxe4 4. Bc4 Nf6 5. f3 e3 6. Bxe3 Bf5 7. Nge2 e6 8. O-O
Be7 9. Bb3 O-O 10. Qe1 Qc7 11. Bf4 Bd6 12. Bxd6 Qxd6 13. Rd1 Nbd7 14. Kh1 Rfd8
15. Ng3 Bg6 16. f4 Nb6 17. f5 exf5 18. Nxf5 Bxf5 19. Rxf5 Re8 20. Qf2 Rad8 21.
Qf3 Re7 1/2-1/2

[Event "NCL978b Barbican2-Gwent Dragon"]
[Site "Rd3"]
[Date "1997.11.22"]
[Round "3.8"]
[White "Roberts, Lynda"]
[Black "Lang, Heather"]
[Result "1-0"]
[WhiteElo "1800"]
[BlackElo "2060"]
[PlyCount "80"]
[EventDate "1997.10.22"]
[Source "4NCL"]
[SourceDate "1998.01.01"]

1. e4 e5 2. Nf3 Nc6 3. Bb5 a6 4. Bxc6 dxc6 5. d4 exd4 6. Qxd4 Qxd4 7. Nxd4 Nf6
8. Nd2 Bd7 9. O-O O-O-O 10. Re1 Bc5 11. N2b3 Bb6 12. c4 Bxd4 13. Nxd4 c5 14.
Nc2 Nxe4 15. Rxe4 Bf5 16. Re1 Bxc2 17. Be3 b6 18. Rac1 Bd3 19. f3 Rhe8 20. Kf2
Kb7 21. Rc3 Bf5 22. Bc1 Be6 23. b3 a5 24. Rce3 Rd7 25. Bb2 Rd2+ 26. R3e2 Rxe2+
27. Rxe2 g6 28. Ke1 h5 29. h4 a4 30. Bf6 axb3 31. axb3 Ra8 32. Rb2 c6 33. Kd2
Kc7 34. Be5+ Kd7 35. Kc3 Bf5 36. Rd2+ Ke6 37. Bc7 b5 38. Rd6+ Ke7 39. Rxc6 b4+
40. Kb2 Re8 {time} 1-0

[Event "NCL978b Bristol2-Invicta Kts2"]
[Site "Rd3"]
[Date "1997.11.22"]
[Round "3.1"]
[White "Moskovic, David"]
[Black "Hanreck, Alan"]
[Result "1/2-1/2"]
[WhiteElo "2180"]
[BlackElo "2255"]
[PlyCount "32"]
[EventDate "1997.10.22"]
[Source "4NCL"]
[SourceDate "1998.01.01"]

1. e4 c5 2. Nf3 d6 3. d4 cxd4 4. Nxd4 Nf6 5. Nc3 a6 6. Be3 e5 7. Nf3 Qc7 8. Be2
Be7 9. a4 b6 10. O-O O-O 11. Qd3 Bb7 12. Nd2 Nbd7 13. Rfd1 Rac8 14. Nc4 Nc5 15.
Bxc5 dxc5 16. Ne3 Rfd8 1/2-1/2

[Event "NCL978b Bristol2-Invicta Kts2"]
[Site "Rd3"]
[Date "1997.11.22"]
[Round "3.2"]
[White "Farndon, David"]
[Black "Rudd, Jack"]
[Result "1-0"]
[WhiteElo "2250"]
[BlackElo "2170"]
[PlyCount "111"]
[EventDate "1997.10.22"]
[Source "4NCL"]
[SourceDate "1998.01.01"]

1. d4 Nf6 2. Nf3 c5 3. d5 e6 4. Nc3 d6 5. e4 e5 6. Bd3 g6 7. Qe2 Bg7 8. h3 O-O
9. Be3 Na6 10. Nd2 Nh5 11. g3 Nc7 12. a4 b6 13. Nb5 a6 14. Nxc7 Qxc7 15. c3 Qb7
16. Nc4 Rd8 17. g4 Nf4 18. Bxf4 exf4 19. f3 Rb8 20. Kf1 Qc7 21. Na3 Ra8 22. Kg2
Re8 23. Nc4 Bd7 24. a5 bxa5 25. Nxa5 f5 26. Qc2 fxe4 27. Bxe4 Bb5 28. Nc6 c4
29. Qd2 Qb6 30. Qf2 Qb7 31. Nd4 Bd7 32. Rhd1 Bf6 33. Ne6 Rab8 34. Rd2 Be5 35.
Qf1 Bb5 36. Qf2 Bd7 37. Qf1 Bb5 38. Qe2 Qe7 39. Qf2 Rb7 40. h4 Reb8 41. Rh1 a5
42. Rh2 Bd7 43. h5 g5 44. Bf5 a4 45. Qe2 a3 46. bxa3 Bxc3 47. Rc2 Be5 48. Qxc4
Bb5 49. Qb4 {#} Bf1+ 50. Kxf1 Rxb4 51. axb4 Qa7 52. Nxg5 h6 53. Ne6 Qa1+ 54.
Kg2 Rxb4 55. Rc8+ Kf7 56. Bg6+ 1-0

[Event "NCL978b Bristol2-Invicta Kts2"]
[Site "Rd3"]
[Date "1997.11.22"]
[Round "3.3"]
[White "Helbig, Paul"]
[Black "Taylor, Peter P"]
[Result "1-0"]
[WhiteElo "2180"]
[BlackElo "2210"]
[PlyCount "91"]
[EventDate "1997.10.22"]
[Source "4NCL"]
[SourceDate "1998.01.01"]

1. e4 c5 2. Nc3 Nc6 3. g3 g6 4. Bg2 Bg7 5. d3 d6 6. f4 e6 7. Nf3 Nge7 8. O-O
O-O 9. Be3 Nd4 10. e5 Nef5 11. Bf2 dxe5 12. Nxe5 Qc7 13. Ne4 Nd6 14. c3 Nxe4
15. dxe4 Nc6 16. Nxc6 Qxc6 17. e5 Qb5 18. Qb3 Bd7 19. Rfd1 c4 20. Qxb5 Bxb5 21.
Bxb7 Rab8 22. Bf3 Ba4 23. Rd2 Rfd8 24. Rxd8+ Rxd8 25. b3 cxb3 26. axb3 Bxb3 27.
Rxa7 f6 28. Bd4 fxe5 29. fxe5 Bd5 30. Kg2 g5 31. g4 h6 32. Rc7 Bb3 33. Ra7 Bd5
34. h3 Bc4 35. Kf2 Bd5 36. Ke3 Bxf3 37. Kxf3 Rf8+ 38. Ke4 Rf4+ 39. Ke3 h5 40.
c4 hxg4 41. hxg4 Rxg4 42. c5 Rf4 43. c6 Rf8 44. Rd7 Rc8 45. c7 Kh7 46. Bb6 1-0

[Event "NCL978b Bristol2-Invicta Kts2"]
[Site "Rd3"]
[Date "1997.11.22"]
[Round "3.4"]
[White "Alfred, Nathan"]
[Black "Easton, Alex"]
[Result "1-0"]
[WhiteElo "2165"]
[BlackElo "2096"]
[PlyCount "79"]
[EventDate "1997.10.22"]
[Source "4NCL"]
[SourceDate "1998.01.01"]

1. e4 e6 2. d4 d5 3. Nc3 Bb4 4. e5 c5 5. a3 Bxc3+ 6. bxc3 Ne7 7. Qg4 Qc7 8. Bd3
cxd4 9. Ne2 dxc3 10. Qxg7 Rg8 11. Qh6 Nd7 12. Bf4 Nf8 13. O-O Bd7 14. Rab1 Rc8
15. Ng3 Rg4 16. Nh5 Ng8 17. Ng7+ Kd8 18. Bg5+ Rxg5 19. Qxg5+ Ne7 20. Nh5 Nfg6
21. Qf6 Qxe5 22. Bxg6 Qxf6 23. Nxf6 hxg6 24. Rxb7 Rc7 25. Rxc7 Kxc7 26. g4 Ba4
27. h4 d4 28. Rc1 Kd6 29. h5 gxh5 30. gxh5 Ke5 31. Ng4+ Kf4 32. f3 f5 33. Nf2
Kg5 34. Nd3 Nd5 35. Kf2 Kxh5 36. Nc5 Be8 37. Nxe6 Kg6 38. Nxd4 Kf6 39. Re1 Bd7
40. Kg3 {time} 1-0

[Event "NCL978b Bristol2-Invicta Kts2"]
[Site "Rd3"]
[Date "1997.11.22"]
[Round "3.5"]
[White "Dilleigh, Steven"]
[Black "Gurr, Lyndon"]
[Result "1-0"]
[WhiteElo "2000"]
[BlackElo "2208"]
[PlyCount "167"]
[EventDate "1997.10.22"]
[Source "4NCL"]
[SourceDate "1998.01.01"]

1. d4 Nf6 2. c4 e6 3. Nc3 b6 4. a3 Bb7 5. d5 Be7 6. e4 exd5 7. cxd5 d6 8. Bd3
O-O 9. Nge2 Nbd7 10. O-O Re8 11. Nd4 Bf8 12. Re1 g6 13. Bg5 h6 14. Be3 a6 15.
b4 Ne5 16. Be2 Qd7 17. h3 b5 18. Rc1 c6 19. dxc6 Nxc6 20. Nxc6 Bxc6 21. Nd5
Bxd5 22. exd5 Re5 23. Bd4 Rae8 24. Bxe5 dxe5 25. Qc2 a5 26. Qc6 Qxc6 27. dxc6
axb4 28. Bxb5 Rc8 29. axb4 Bxb4 30. Rxe5 Bd6 31. Re2 Kf8 32. Rd1 Bc7 33. Ba6
Ra8 34. Bb7 Ra5 35. g3 Rc5 36. Ra1 Nd5 37. Ra8+ Kg7 38. Rc8 Bb6 39. Rb2 Bc7 40.
Rd2 Bb6 41. Re8 Kf6 42. Kg2 Nc7 43. Ree2 Ne6 44. Rc2 Ra5 45. Rxe6+ fxe6 46. c7
Bxc7 47. Rxc7 Ra7 48. Rd7 h5 49. Bc6 Ra5 50. Rd4 Rc5 51. Bf3 Ra5 52. h4 Rc5 53.
Be2 Rc6 54. Rf4+ Kg7 55. Ra4 Kf6 56. Ra5 Rc3 57. Bxh5 gxh5 58. Rxh5 e5 59. Rh8
Rb3 60. Rf8+ Kg6 61. g4 Rb4 62. Kg3 Rb3+ 63. Rf3 Rb1 64. h5+ Kh6 65. Rf6+ Kg7
66. Re6 Re1 67. Kh4 Kf7 68. Ra6 Rf1 69. Kg5 Rxf2 70. Ra7+ Kg8 71. Kg6 Rf8 72.
Re7 Rb8 73. Rxe5 Rb6+ 74. Kf5 Kg7 75. Re7+ Kf8 76. Re6 Rb4 77. g5 Kf7 78. g6+
Kg7 79. Re7+ Kg8 80. h6 Rb8 81. h7+ Kh8 82. Re5 Kg7 83. Kg5 Re8 84. Rf5 1-0

[Event "NCL978b Bristol2-Invicta Kts2"]
[Site "Rd3"]
[Date "1997.11.22"]
[Round "3.6"]
[White "Bibby, Simon"]
[Black "Appleton, Fred"]
[Result "1-0"]
[WhiteElo "2210"]
[BlackElo "1912"]
[PlyCount "101"]
[EventDate "1997.10.22"]
[Source "4NCL"]
[SourceDate "1998.01.01"]

1. e4 c5 2. c3 d5 3. exd5 Qxd5 4. d4 Nc6 5. Nf3 cxd4 6. cxd4 e5 7. Nc3 Bb4 8.
Bd2 Bxc3 9. Bxc3 e4 10. Ne5 Nxe5 11. dxe5 Ne7 12. Qa4+ Bd7 13. Qb4 Rc8 14. Rd1
Qe6 15. Qxb7 Bc6 16. Qxa7 Ra8 17. Qc5 e3 18. Qxe3 O-O 19. Qc5 Rad8 20. Be2 Bxg2
21. Rg1 Rxd1+ 22. Bxd1 Bd5 23. a3 Nf5 24. Bg4 Rd8 25. Qc7 Re8 26. Rg3 h5 27.
Bh3 g6 28. Rd3 Be4 29. Rd8 Kh7 30. Rxe8 Qxe8 31. Qc4 Bf3 32. Qd3 Bg4 33. Bxg4
hxg4 34. Qe4 Qb5 35. Qxg4 Qd5 36. Qe2 Qh1+ 37. Kd2 Qxh2 38. Kc2 Qf4 39. Kb1 Qh4
40. Qf3 Qc4 41. Qh3+ Kg7 42. Qh1 Qd3+ 43. Ka1 Nd4 44. Bxd4 Qxd4 45. Qe1 g5 46.
e6 fxe6 47. Qc3 Qxc3 48. bxc3 Kf6 49. Kb2 e5 50. Kc2 Ke6 51. Kd3 1-0

[Event "NCL978b Bristol2-Invicta Kts2"]
[Site "Rd3"]
[Date "1997.11.22"]
[Round "3.7"]
[White "Richards, John"]
[Black "Fenn, Paul"]
[Result "1/2-1/2"]
[WhiteElo "1896"]
[BlackElo "2090"]
[PlyCount "149"]
[EventDate "1997.10.22"]
[Source "4NCL"]
[SourceDate "1998.01.01"]

1. e4 Nc6 2. Nf3 d6 3. d4 Nf6 4. Nc3 Bg4 5. Be3 e5 6. Be2 Be7 7. Qd2 O-O 8. O-O
h6 9. Rad1 Qe8 10. a3 a6 11. d5 Nb8 12. Ne1 Nbd7 13. f3 Bh5 14. Nd3 Nb6 15. b3
Bg6 16. Na2 Nfd7 17. c4 f5 18. exf5 Bxf5 19. Nc3 Qg6 20. Nf2 Bc2 21. Bd3 Bxd3
22. Qxd3 Qxd3 23. Nxd3 Nf6 {(Draw offer)} 24. Nf2 Nbd7 25. Nfe4 Rad8 26. Nxf6+
Bxf6 27. Ne4 Be7 28. b4 b6 29. Rd2 Nf6 30. Rdf2 Rf7 {(Draw offer)} 31. Rd1 Kf8
32. Rdf1 Kg8 33. g3 Bf8 34. g4 Be7 35. Ng3 b5 36. g5 hxg5 37. Bxg5 Nxd5 38.
Bxe7 Nxe7 39. Rc2 bxc4 40. Rxc4 Nd5 41. Rc6 Ra8 42. Ne4 a5 43. b5 Rb8 44. a4
Nb4 45. Rc3 Rd8 46. Ng5 Re7 47. Rfc1 Rdd7 48. b6 c6 49. Rd1 Re8 50. Ne4 Red8
51. Kg2 Nd5 52. Rb3 Rb7 53. Rdb1 Nb4 54. Rxb4 axb4 55. Rxb4 c5 56. Rb5 Ra8 57.
a5 Rxa5 58. Rxa5 Rxb6 59. Ra7 c4 60. Rd7 Rc6 61. Nc3 Kf8 62. Kf2 Rb6 63. Rc7
Rb2+ 64. Kg3 Rc2 65. Rxc4 d5 66. Rc5 d4 67. Ne4 Rxc5 68. Nxc5 Ke7 69. Kg4 Kd6
70. Ne4+ Kd5 71. Kf5 d3 72. Kg6 Kd4 73. Kxg7 Ke3 74. h4 Kxf3 75. Nd2+ 1/2-1/2

[Event "NCL978b Bristol2-Invicta Kts2"]
[Site "Rd3"]
[Date "1997.11.22"]
[Round "3.8"]
[White "Howell, Susan"]
[Black "Alston, Joanne"]
[Result "1/2-1/2"]
[WhiteElo "1816"]
[BlackElo "1784"]
[PlyCount "38"]
[EventDate "1997.10.22"]
[Source "4NCL"]
[SourceDate "1998.01.01"]

1. d4 Nf6 2. c4 e6 3. Nc3 Bb4 4. Qc2 c5 5. e3 b6 6. Nf3 Bb7 7. Bd2 O-O 8. Be2
Na6 9. O-O Nc7 10. Ne5 Rc8 11. f4 Bxc3 12. Bxc3 Ne4 13. Qa4 d6 14. Qxa7 Rb8 15.
dxc5 dxe5 16. Bxe5 Nxc5 17. Qxb6 N7a6 18. Qxd8 Rbxd8 19. Rfd1 Ne4 1/2-1/2

[Event "NCL978b Wessex-Witney"]
[Site "Rd3"]
[Date "1997.11.22"]
[Round "3.1"]
[White "Rossiter, Philip"]
[Black "Cooksey, Paul"]
[Result "1-0"]
[WhiteElo "2370"]
[BlackElo "2185"]
[PlyCount "95"]
[EventDate "1997.10.22"]
[Source "4NCL"]
[SourceDate "1998.01.01"]

1. e4 c5 2. Nf3 Nc6 3. d4 cxd4 4. Nxd4 g6 5. Nc3 Bg7 6. Nde2 d6 7. h3 Nf6 8. g3
Be6 9. Bg2 Qc8 10. Nd5 O-O 11. Nef4 Bd7 12. O-O Nxd5 13. exd5 Ne5 14. g4 Ba4
15. b3 Bb5 16. c4 Bd7 17. Be3 f5 18. g5 Nf7 19. h4 Bxa1 20. Qxa1 Ne5 21. Bd4
Qc7 22. Re1 b5 23. c5 a5 24. a3 a4 25. b4 Rae8 26. Qd1 Ng4 27. c6 e5 28. dxe6
Bxc6 29. Nd5 Bxd5 30. Bxd5 Re7 31. Qd3 f4 32. Qxb5 Qc2 33. Qe2 Qf5 34. Qe4 Ne5
35. Qxf5 Rxf5 36. Rd1 h6 37. gxh6 Kh7 38. b5 Ng4 39. Bg7 Nxh6 40. Bxh6 Kxh6 41.
b6 Kg7 42. Rd4 Rh5 43. b7 Rh8 44. Rxa4 Kf6 45. Ra8 Ree8 46. a4 Rb8 47. a5 Ke5
48. Bc6 1-0

[Event "NCL978b Wessex-Witney"]
[Site "Rd3"]
[Date "1997.11.22"]
[Round "3.2"]
[White "Hunt, Adam"]
[Black "Corkett, Anthony"]
[Result "1/2-1/2"]
[WhiteElo "2264"]
[BlackElo "2295"]
[PlyCount "46"]
[EventDate "1997.10.22"]
[Source "4NCL"]
[SourceDate "1998.01.01"]

1. e4 c5 2. Nf3 Nc6 3. d4 cxd4 4. Nxd4 g6 5. Nc3 Bg7 6. Be3 Nf6 7. Be2 O-O 8.
O-O d5 9. exd5 Nxd5 10. Nxd5 Qxd5 11. Bf3 Qc4 12. Nxc6 bxc6 13. c3 Rb8 14. Qc1
a5 15. Re1 Be6 16. Bf4 Rb7 17. Be5 Bd5 18. Bxg7 Kxg7 19. Be2 Qc5 20. c4 Be6 21.
Qc3+ Kg8 22. b3 Rd8 23. Rad1 Rbd7 1/2-1/2